Historia general de América Latina, Volumen II : (Record no. 136385)

MARC details
000 -CABECERA
campo de control de longitud fija 00949nam a2200253 a 4500
005 - FECHA Y HORA DE LA ÚLTIMA TRANSACCIÓN
campo de control 20210219160356.0
008 - ELEMENTOS DE LONGITUD FIJA--INFORMACIÓN GENERAL
campo de control de longitud fija 081027s2000 mx r 000 0 spa d
020 ## - NÚMERO INTERNACIONAL NORMALIZADO PARA LIBROS
Número Internacional Estándar del Libro 8481643807 (Editorial Trotta, S.A.; Vol. II)
020 ## - NÚMERO INTERNACIONAL NORMALIZADO PARA LIBROS
Número Internacional Estándar del Libro 8481643505 (Editorial Trotta, S.A.; obra completa)
020 ## - NÚMERO INTERNACIONAL NORMALIZADO PARA LIBROS
Número Internacional Estándar del Libro 9233036537 (UNESCO obra completa)
020 ## - NÚMERO INTERNACIONAL NORMALIZADO PARA LIBROS
Número Internacional Estándar del Libro 9233031519
035 ## - NÚMERO DE CONTROL DEL SISTEMA
Número de control de sistema UPN01000164273
049 ## - COLECCIÓN
Colección UNE
080 ## - NÚMERO DE CLASIFICACIÓN DECIMAL UNIVERSAL
Número de la Clasificación Decimal Universal 970/980 "2000" HIS Vol. II
245 #0 - MENCIÓN DE TÍTULO
Título Historia general de América Latina, Volumen II :
Resto del título El primer contacto y la formación de nuevas sociedades /
Mención de responsabilidad, etc. Director del volumen Franklin Pease, G.Y.; Codirector Frank Moya Pons.
260 ## - PUBLICACIÓN, DISTRIBUCIÓN, ETC.
Lugar de publicación, distribución, etc. París :
Nombre del editor, distribuidor, etc. UNESCO;
Lugar de publicación, distribución, etc. España :
Nombre del editor, distribuidor, etc. Editorial Trotta,
Fecha de publicación, distribución, etc. 2000.
300 ## - DESCRIPCIÓN FÍSICA
Extensión 556 p. ;
Otras características físicas map., retrs.
500 ## - NOTA GENERAL
Nota general Incluye bibliografía.
690 ## - PUNTO DE ACCESO ADICIONAL DE MATERIA LOCAL--TÉRMINO DE MATERIA (OCLC, RLIN)
Término de materia o nombre geográfico como elemento inicial Historia Latinoamericana
700 1# - ASIENTO SECUNDARIO--NOMBRE DE PERSONAL
Nombre de persona Pease, G.Y., Franklin, dir.
700 1# - ASIENTO SECUNDARIO--NOMBRE DE PERSONAL
Nombre de persona Moya Pons, Frank,
710 2# - ASIENTO SECUNDARIO - NOMBRE CORPORATIVO
Nombre de entidad corporativa o nombre de jurisdicción como elemento de entrada UNESCO
905 ## - TIPO DE MATERIAL
Tipo de material UNESCO
Holdings
Estado de retiro Estado de pérdida Fuente del sistema de clasificación o colocación Estado dañado No para préstamo Código de colección Localización permanente Ubicación/localización actual Ubicación en estantería Fecha de adquisición Clasificación Código de barras Fecha visto por última vez Número de copia Tipo de ítem Koha
    Library of Congress Classification   Disponible (Préstamo en sala) UNESCO Bib. Gregorio Torres Quintero Bib. Gregorio Torres Quintero Colecciones especiales Planta alta 03/02/2023 970/980 "2000" HIS Vol. II U10068 31/12/2020 1 Libro
    Library of Congress Classification   Disponible (Préstamo en sala) UNESCO Bib. Gregorio Torres Quintero Bib. Gregorio Torres Quintero Colecciones especiales Planta alta 03/02/2023 970/980 "2000" HIS Vol. II U10069 31/12/2020 1 Libro